000 00813nam a2200265Ia 4500
003 OSt
005 20221005033312.0
006 a|||||r|||| 00| 0
007 ta
008 221004b |||||||| |||| 00| 0 eng d
020 _a9789388789080 (hbk)
_cINR 3000.00
024 _a66525
037 _bBBS/41, 19/12/2019, Better Book Service
_cTextual
040 _aCRL
_cCRL
_beng
041 _2eng
_aeng
082 _aNA4447,8(Q2), Q9
100 _aNiharika
_9462652
245 0 _aJageshwara temples
_b archaeo - cutlureal perspective
260 _aDelhi
_bB. R. Publishing India
_c2019
300 _axxiv,206p.
_ccm.
650 _a TEMPLES
_9585996
650 _aARTS
942 _hNA4447,8(Q2), Q9
_cTEXL
_2cc
999 _c941311
_d941311